Statistics for Oldest Cities In the World

Click here to take the quiz!

General Stats

  • This quiz has been taken 38 times
  • The average score is 3 of 12

Answer Stats

Answer% Correct
Athens
76%
Jerusalem
68%
Damascus
65%
Aleppo
21%
Jericho
18%
Plovdiv
3%
Byblos
3%
Luoyang
3%
Varanasi
3%
Argos
0%
Sidon
0%
Rayy
0%

Score Distribution

Percentile by Number Answered

Percent of People with Each Score

Your Score History

You have not taken this quiz